000 00606cam a22002411 4500
001 ne 62001718
003 DLC
005 20260227111738.0
008 890402s1961 xx 000 0 ara
010 _ane 62001718
035 _a(OCoLC)23520766
040 _aDLC
_cMiU
_dDLC
042 _apremarc
043 _aaw-----
050 0 0 _aDS244.5.S2
_bA2
100 1 _aʻAbduh, Ibrāhīm.
245 1 0 _aSīrah min al-Ḥaramayn.
260 _c[1961]
300 _a175 p.
_c20 cm.
500 _aRomanized.
600 1 0 _aṢabban, Muḥammad Surūr.
651 0 _aMiddle East
_xPolitics and government.
999 _c45353
_d45353